000 01530nmc a2200481 a 4500
003 AR-BaBNM
005 20251128205540.0
008 011101s1992 ||||||||||||||000 | spa||
020 _a950-12-2047-8
040 _cAR-BaBNM
245 1 0 _aEstrategias para la creatividad
260 _aBuenos Aires
_bPaidós
_c1992
300 _a354 p.
_bdiagr.
490 0 _aPaidós educador
_vv. 47
504 _aContiene bibliografía al final de cada capítulo
650 4 _aDESARROLLO DE LA CREATIVIDAD
650 4 _aMETODOS DE ENSENANZA
650 4 _aINTELIGENCIA
650 4 _aMEMORIA
650 4 _aDESARROLLO COGNOSCITIVO
650 4 _aDESARROLLO DE DESTREZAS
650 4 _aADOLESCENCIA
650 4 _aMOTIVACION DEL ALUMNO
650 4 _aIMAGINACION
700 1 _aDavis, Gary A.
_ecompilador
700 1 _aScott, Joseph A.
_ecompilador
700 1 _aAlexander, Tom
_ecolaborador
700 1 _aBarron, Frank
_ecolaborador
700 1 _aClark, Charles H.
_ecolaborador
700 1 _aComella, Tom
_ecolaborador
700 1 _aCrutchfield, Richard S.
_ecolaborador
700 1 _aHallman, Ralph J.
_ecolaborador
700 1 _aHanks, William S.
_ecolaborador
700 1 _aMcMurry, F.D.
_ecolaborador
700 1 _aOlton, Robert M.
_ecolaborador
700 1 _aPrince, George M.
_ecolaborador
700 1 _aRepucci, L.C.
_ecolaborador
700 1 _aSteinmetz, Cloyd S.
_ecolaborador
700 1 _aVervalin, Charles H.
_ecolaborador
700 1 _aBertorini, Alejandra
_etraductor
942 _cBK
998 _cSILVI
999 _c11840
_d11840